000
00254nam a22000977a 4500
008
231208b |||||||| |||| 00| 0 eng d
020
_a
9789355558558
100
_a
MTG
_9
7733
245
_a
MTG NCERT FINGERTIPS-SCIENCE-CLASS-6
260
_a
New Delhi
_b
MTG
_c
2023
999
_c
12503
_d
12503